| 000 | 00532nam a22001697a 4500 | ||
|---|---|---|---|
| 005 | 20231123064713.0 | ||
| 008 | 231123b |||||||| |||| 00| 0 eng d | ||
| 020 | _a0934143730 | ||
| 041 | _aEnglish | ||
| 082 | _a342 LAW | ||
| 100 | _lEnglish | ||
| 245 |
_aAfrican Exodus : _bRefuge Crisis, Human Rights and the 1969 OAU Convention |
||
| 260 |
_aNew York : _bLawyers Committee for Human Rights, _c1995 |
||
| 300 |
_biv, 266 pages ; _c23,5 cm. |
||
| 650 |
_aLegal practice _bLaw |
||
| 942 |
_cBK _6ALISON_BN_VRIES |
||
| 999 |
_c866 _d866 |
||